| 000 | 01253nam a2200253 a 4500 | ||
|---|---|---|---|
| 001 | ASIN1619422891 | ||
| 005 | 20170105102843.0 | ||
| 008 | 130805s2012 xxu eng d | ||
| 020 |
_a1619422891 (hardcover) _c$140.00 |
||
| 020 | _a9781619422896 (hardcover) | ||
| 040 | _a0 | ||
| 050 | 0 | 4 | _aJF1351 |
| 082 | 0 | 4 | _a351 |
| 245 | 1 | 0 |
_aGovernance : _bis it for everyone? / _cAnne Marie Bissessar. |
| 260 |
_a[S.l.] : _bNova Science Pub Inc, _c2012. |
||
| 300 |
_a190 p. ; _c26 cm. |
||
| 490 | 1 | _aGlobal political studies. | |
| 520 | _aThis book aims to present a set of perspectives that are sound and useful and it seeks to stimulate scholars and students and at the same time to inform practitioners of the myth that governance is a perfect method of administration to be applied in all countries, irrespective of their levels of development or the impact and experience of globalisation in various countries. This book will certainly bring a conclusion to the ongoing debate of whether "Governance is for Everyone". | ||
| 650 | 0 | _aPublic administration | |
| 700 | 1 | _aBissessar, Anne Marie. | |
| 830 | 0 | _aGlobal political studies. | |
| 856 | 4 | 0 |
_3Amazon.com _uhttp://www.amazon.com/exec/obidos/ASIN/1619422891/chopaconline-20 |
| 942 |
_2ddc _cBK |
||
| 999 |
_c13956 _d13956 |
||